Softvérové nástroje mobilného marketingu diplomová práca

Na minha lista:
Detalhes bibliográficos
Autor principal: Lustig, Miroslav
Autor Corporativo: Obchodná fakulta EU. Katedra informatiky obchodných firiem
Outros Autores: Pólya, Attila
Formato: Livro
Idioma:eslovaco
Publicado em: Bratislava 2016
Tags: Adicionar Tag
Sem tags, seja o primeiro a adicionar uma tag!

MARC

LEADER 00000nbm a2200000 4500
001 0216809
005 20170315090449.5
041 0 |a slo 
044 |a SK 
245 1 0 |a Softvérové nástroje mobilného marketingu  |b diplomová práca  |c Miroslav Lustig ; školiteľ: Attila Pólya 
264 1 |a Bratislava  |c 2016 
300 |a 47 s. 
100 1 |a Lustig, Miroslav 
700 1 |a Pólya, Attila 
710 2 |a Obchodná fakulta EU. Katedra informatiky obchodných firiem